000 00664nam a2200241 4500
005 20260115121715.0
008 260115b |||||||| |||| 00| 0 eng d
020 _a9781032937922
_cRs.1095.00
040 _aMAIN
082 _a006.31
_bM726M
100 _aMohammed, Mohssen
245 _aMachine learning algorithms and applications
250 _a
260 _aLondon
_bCRC Press Taylor and Francis Group
_c2025
300 _axxii, 204
650 _aComputer Science
650 _aMachine Learning
650 _aComputer Algorithms
700 _aKhan, Muhammad Badruddin
700 _aBashier, Eihab Bashier Mohammed
942 _cBK
999 _c396703
_d396703